Normal view
MARC view
Entry Nombre personal
001 - NÚMERO DE CONTROL
- campo de control: 1043
003 - IDENTIFICADOR DE NÚMERO DE CONTROL
- campo de control: DLC
005 - FECHA Y HORA DE LA ÚLTIMA TRANSACCIÓN
- campo de control: 20260413082040.0
008 - ELEMENTOS DE DATO DE LONGITUD-FIJA
- campo de control de longitud fija: 030121n| acannaabn |n aaa
010 ## - NÚMERO DE CONTROL DE LA BIBLIOTECA DEL CONGRESO
- Número de control de LC: n 2003060158
040 ## - FUENTE DE CATALOGACIÓN
- Centro catalogador/agencia de origen: DLC
- Lengua de catalogación: eng
- Centro/agencia transcriptor: DLC
100 1# - ENCABEZAMIENTO-NOMBRE DE PERSONA
- Nombre de persona: Bisk, Tsvi,
- Fechas asociadas al nombre: 1943-
670 ## - FUENTE DE DATOS ENCONTRADOS
- Cita de la fuente: Futuring the Jews, 2003:
- Información encontrada: CIP t.p. (Tsvi Bisk) datasheet (b. 9 Sept. 1943)